000 00482nam a2200193Ia 4500
003 GCL
008 140319s9999 xx 000 0 eng d
040 _aGCL /
_cGCL
082 0 4 _a843
_bM D
100 1 _aMANN, THOMAS E.
245 1 0 _aLE DOCTEUR FAUSTUS /
_cMANN, THOMAS E.
700 1 _aSERVICEN, LOWISE
260 _a[S.N] :
_bALBIN MICHEL, S.A ،
_c1950
300 _a666 P
650 0 4 _aLITERATURE
650 0 4 _aFICTION
650 0 4 _aFRENCH LITERATURE
942 _2ddc
_cBK
999 _c24908
_d24908